| 000 | 01276cam a22003011 4500 | ||
|---|---|---|---|
| 001 | e 18001158 | ||
| 003 | DLC | ||
| 005 | 20260227111210.0 | ||
| 008 | 890509s1918 inuafg b 000 0 eng c | ||
| 010 | _ae 18001158 | ||
| 035 | _a(OCoLC)19680982 | ||
| 040 |
_aU.S. Office of Education. Library _cMsSM _dDLC |
||
| 042 | _apremarc | ||
| 050 | 0 | 0 |
_aGV361 _b.I6 1918 |
| 082 | _a371.732209772 | ||
| 110 | 1 |
_aIndiana. _bDepartment of Public Instruction. |
|
| 245 | 1 | 0 |
_aBulletin on physical education. _bA manual of exercises and related subjects in physical training for the public schools of Indiana. _cPrepared by W.A. Ocker ... George E. Schlafer ... W.F. King ... Marjorie Benckart ... Issued by Horace Ellis, State Superintendent of Public Instruction. |
| 260 |
_a[Indianapolis?] _c1918. |
||
| 300 |
_a326 p. _billus. (incl. music) plates (part col.) tables, diagrs. _c23 cm. |
||
| 490 | 0 |
_aBulletin _vno. 36 |
|
| 500 | _aAt head of title: ... Department of Public Instruction. State of Indiana. | ||
| 504 | _aBibliography: p. 307-309. | ||
| 650 | 0 |
_aPhysical education and training _zIndiana. |
|
| 700 | 1 |
_aOcker, W. A. _q(William August), _d1870- |
|
| 700 | 1 | _aSchlafer, George Ezra. | |
| 700 | 1 |
_aKing, William Franklin, _d1874- |
|
| 700 | 1 | _aBenckart, Marjorie. | |
| 999 |
_c20266 _d20266 |
||